000 00397nam a2200109Ia 4500
008 160909s9999 xx 000 0 und d
100 _aMilczewski, Joseph August.
245 _aCorporate social responsibility programs in medium-sized U.S. enterprises
260 _bBaker College (Michigan).
_c2016
650 _aENTREPRENEURSHIP
856 _uhttp://pqdtopen.proquest.com/doc/1758022123.html?FMT=ABS
999 _c304413
_d304413